SSC एस. एस. सी. Fill in The Blanks Anglo-Hindi (Record no. 63041)
[ view plain ]
| 000 -LEADER | |
|---|---|
| fixed length control field | 00395nam a22001577a 4500 |
| 003 - CONTROL NUMBER IDENTIFIER | |
| control field | macl |
| 005 - DATE AND TIME OF LATEST TRANSACTION | |
| control field | 20200829161600.0 |
| 008 - FIXED-LENGTH DATA ELEMENTS--GENERAL INFORMATION | |
| fixed length control field | 200829b xxu||||| |||| 00| 0 eng d |
| 040 ## - CATALOGING SOURCE | |
| Transcribing agency | macl |
| 082 ## - DEWEY DECIMAL CLASSIFICATION NUMBER | |
| Classification number | 400 |
| 100 ## - MAIN ENTRY--PERSONAL NAME | |
| Personal name | Guider |
| 9 (RLIN) | 79384 |
| 245 ## - TITLE STATEMENT | |
| Title | SSC एस. एस. सी. Fill in The Blanks Anglo-Hindi |
| 260 ## - PUBLICATION, DISTRIBUTION, ETC. (IMPRINT) | |
| Place of publication, distribution, etc. | मेरठ |
| Name of publisher, distributor, etc. | Guider |
| 650 ## - SUBJECT ADDED ENTRY--TOPICAL TERM | |
| Topical term or geographic name as entry element | Grmmar |
| 9 (RLIN) | 79439 |
| 942 ## - ADDED ENTRY ELEMENTS (KOHA) | |
| Source of classification or shelving scheme | |
| Koha item type | Hindi Books |
| Withdrawn status | Lost status | Source of classification or shelving scheme | Damaged status | Not for loan | Home library | Current library | Date acquired | Cost, normal purchase price | Total Checkouts | Full call number | Barcode | Date last seen | Price effective from | Koha item type | Date last checked out |
|---|---|---|---|---|---|---|---|---|---|---|---|---|---|---|---|
| MACL | MACL | 29/08/2020 | 55.00 | 400 | GCLC00631 | 29/08/2020 | 29/08/2020 | Hindi Books | |||||||
| MACL | MACL | 29/08/2020 | 55.00 | 400 | GCLC00632 | 29/08/2020 | 29/08/2020 | Hindi Books | |||||||
| MACL | MACL | 29/08/2020 | 55.00 | 1 | 400 | GCLC00633 | 29/11/2023 | 29/08/2020 | Books | 26/11/2023 | |||||
| MACL | MACL | 29/08/2020 | 55.00 | 400 | GCLC00634 | 29/08/2020 | 29/08/2020 | Hindi Books | |||||||
| MACL | MACL | 29/08/2020 | 55.00 | 1 | 400 | GCLC00635 | 14/10/2023 | 29/08/2020 | Hindi Books | 08/10/2023 |









